Francisco Pacheco, sus obras artísticas y literarias (Record no. 26943)
[ view plain ]
| 000 -LEADER | |
|---|---|
| campo de control de longitud fija | 00686nam a2200181 i 4500 |
| 001 - NÚMERO DE CONTROL | |
| campo de control | 26943 |
| 003 - IDENTIFICADOR DE NÚMERO DE CONTROL | |
| campo de control | ES-MaACL |
| 005 - FECHA Y HORA DE LA ÚLTIMA TRANSACCIÓN | |
| campo de control | 20250918063024.0 |
| 007 - CAMPO FIJO DE DESCRIPCIÓN FÍSICA--INFORMACIÓN GENERAL | |
| campo de control de longitud fija | t| |
| 008 - DATOS DE LONGITUD FIJA--INFORMACIÓN GENERAL | |
| campo de control de longitud fija | 030113s1886 sp ||||1| spa d |
| 100 1# - ENTRADA PRINCIPAL--NOMBRE DE PERSONA | |
| Nombre de persona | Asensio, José María, |
| Fechas asociadas al nombre | 1829-1905 |
| 9 (RLIN) | 23582 |
| 245 10 - MENCIÓN DEL TÍTULO | |
| Título | Francisco Pacheco, sus obras artísticas y literarias |
| Resto del título | : introducción e historia del libro de descripción de verdaderos retratos de ilustres y memorables varones... / |
| Mención de responsabilidad, etc. | José María Asensio. |
| 260 ## - PUBLICACIÓN, DISTRIBUCIÓN, ETC. | |
| Lugar de publicación, distribución, etc. | Sevilla : |
| Nombre del editor, distribuidor, etc. | [s.n., |
| Fecha de publicación, distribución, etc. | 1886] ( |
| Fabricante | E. Rasco) |
| 300 ## - DESCRIPCIÓN FÍSICA | |
| Extensión | LXXIX, 104 p. ; |
| Dimensiones | 31 cm. |
| 600 17 - PUNTO DE ACCESO ADICIONAL DE MATERIA--NOMBRE DE PERSONA | |
| Nombre de persona | Pacheco, Francisco, |
| Fechas asociadas al nombre | 1564-1644 |
| Fuente del encabezamiento o término | |
| 9 (RLIN) | 151434 |
| 852 ## - LOCALIZACIÓN | |
| Ubicación | ES-MaACL |
| Número de control de estantería | B-1147 |
| Estatus retirado | Estado de pérdida | Estado de daño | No para préstamo | Colección | Biblioteca de origen | Biblioteca actual | Ubicación en estantería | Fecha de adquisición | Fuente de adquisición | Total de préstamos | Signatura topográfica completa | Código de barras | Visto por última vez | Precio de reemplazo | Tipo de ítem Koha |
|---|---|---|---|---|---|---|---|---|---|---|---|---|---|---|---|
| Libros del s. XIX | Biblioteca del Ateneo de Madrid | Biblioteca del Ateneo de Madrid | Sala Pardo Bazán | 17/01/2008 | B-1147 | 1027811 | 23/02/2023 | 23/02/2023 | Libro impreso antiguo |
